Los nuevos bronces de Osuna que se conservan en el Museo Arqueológico Nacional / (Record no. 162882)

MARC details
000 -LEADER
campo de control de longitud fija 01063nam a2200241 i 4500
001 - NÚMERO DE CONTROL
campo de control 162882
003 - IDENTIFICADOR DE NÚMERO DE CONTROL
campo de control ES-MaACL
005 - FECHA Y HORA DE LA ÚLTIMA TRANSACCIÓN
campo de control 20251002200915.0
008 - DATOS DE LONGITUD FIJA--INFORMACIÓN GENERAL
campo de control de longitud fija 991124q1855 sp |||| | spa d
100 1# - ENTRADA PRINCIPAL--NOMBRE DE PERSONA
Nombre de persona Rada y Delgado, Juan de Dios de la.
9 (RLIN) 94904
245 14 - MENCIÓN DEL TÍTULO
Título Los nuevos bronces de Osuna que se conservan en el Museo Arqueológico Nacional /
Mención de responsabilidad, etc. estudio por Juan de Dios de la Rada y Delgado y Eduardo de Hinojosa.
260 ## - PUBLICACIÓN, DISTRIBUCIÓN, ETC.
Lugar de publicación, distribución, etc. [S.l. :
Nombre del editor, distribuidor, etc. s.n.,
Fecha de publicación, distribución, etc. ca. 1855]
300 ## - DESCRIPCIÓN FÍSICA
Extensión 62 p. ;
Dimensiones 45 cm.
530 ## - NOTA DISPONIBLE DE FORMULARIO FÍSICO ADICIONAL
Nota de formato físico adicional disponible Disponible en formato digital.
594 ## - Nota al título y mención de responsabilidad
Nota al título y mención de responsabilidad Título y autores tomados de comienzos del texto.
596 ## - NOTA AL PIE DE IMPRENTA
NOTA AL PIE DE IMPRENTA Probablemente impreso en la 2ª mitad del S. XIX.
650 #4 - PUNTO DE ACCESO ADICIONAL DE MATERIA--TÉRMINO DE MATERIA
Término de materia o nombre geográfico como elemento de entrada Inscripciones latinas-
Subdivisión geográfica Osuna.
9 (RLIN) 152282
651 #4 - PUNTO DE ACCESO ADICIONAL DE MATERIA--NOMBRE GEOGRÁFICO
Nombre geográfico Osuna-
Subdivisión general Restos arqueológicos romanos.
9 (RLIN) 152283
700 1# - ENTRADA AGREGADA--NOMBRE PERSONAL
Nombre de persona Hinojosa y Naveros, Eduardo de,
Fechas asociadas al nombre 1852-1919
9 (RLIN) 125519
852 ## - LOCALIZACIÓN
Ubicación ES-MaACL
Número de control de estantería C-2194
Nota libre - Enc. hol.
856 ## - LOCALIZACIÓN Y ACCESO ELECTRÓNICOS
Identificador Uniforme de Recursos <a href="http://www.bibliotecavirtualdeandalucia.es/catalogo/es/consulta/registro.cmd?id=9058">http://www.bibliotecavirtualdeandalucia.es/catalogo/es/consulta/registro.cmd?id=9058</a>
Nota pública Biblioteca Virtual de Andalucía
Holdings
Estatus retirado Estado de pérdida Estado de daño No para préstamo Colección Biblioteca de origen Biblioteca actual Ubicación en estantería Fecha de adquisición Fuente de adquisición Total de préstamos Signatura topográfica completa Código de barras Visto por última vez Precio de reemplazo Tipo de ítem Koha
        Colección digital Biblioteca del Ateneo de Madrid Biblioteca del Ateneo de Madrid Sala Palomar 17/01/2008     C-2194 1170662 23/02/2023 23/02/2023 Libro impreso antiguo